The Oxford Dictionary of Quotations

Dades bibliogràfiques
Altres autors: Knowles E. Elizabeth (редактор)
Idioma:anglès
Publicat: Oxford, Oxford University Press, 2004
Edició:6th ed.
Matèries:
Format: MixedMaterials Llibre
KOHA link:https://koha.lib.tpu.ru/cgi-bin/koha/opac-detail.pl?biblionumber=214954

MARC

LEADER 00000nam0a2200000 4500
001 214954
005 20231101225930.0
010 |a 0198607202 
035 |a (RuTPU)RU\TPU\book\234846 
035 |a RU\TPU\book\107961 
090 |a 214954 
100 |a 20120502d2004 km y0engy50 ba 
101 0 |a eng 
102 |a GB 
105 |a y e 000zy 
200 1 |a The Oxford Dictionary of Quotations  |f edited by E. Knowles 
205 |a 6th ed. 
210 |a Oxford  |c Oxford University Press  |d 2004 
215 |a 1140 p. 
606 1 |a Английский язык  |x Словари  |2 stltpush  |3 (RuTPU)RU\TPU\subj\69128  |9 84097 
610 1 |a понятия 
610 1 |a словари 
610 1 |a термины 
610 1 |a определения 
686 |a Ш143.21-4  |v LBC/SL-A  |2 rubbk 
702 1 |a Knowles  |b E.  |g Elizabeth  |4 340 
801 0 |a RU  |b 63413507  |c 20011209  |g PSBO 
801 2 |a RU  |b 63413507  |c 20120514  |g PSBO 
942 |c BK